| 000 | 01440cad a22002535a 4500 | ||
|---|---|---|---|
| 001 | E150905 | ||
| 008 | 100914s2010 xxk f lf000 0 eng d | ||
| 035 | _a(Sirsi) u150905 | ||
| 041 | 0 | _aeng | |
| 050 | 0 | 4 | _a711.1 $2 18 |
| 110 | 2 |
_aUnited Kingdom _kLaws, etc. _95044 |
|
| 245 | 0 | 4 |
_aThe Town and Country Planning (General Permitted Development) (Amendment) (No. 2) (England) Order 2010 _h[electronic resource] |
| 260 |
_aLondon _bHM Government _c2010 |
||
| 490 | 0 |
_aSI _v(2134) 2010 |
|
| 520 | _aAmends the Town and Country Planning (General Permitted Development) Order 1995 which grants planning permission for certain classes of development. Gives permitted development rights for dwellinghouses to be used as small scale houses in multiple occupation shared by three to six people without the need for a specific planning application; and makes a minor amendment to correct a reference in the procedure for making a direction to remove permitted development rights. Applies to England only. | ||
| 520 | _aComes into force on 1 October 2010. | ||
| 521 | _aAdvanced | ||
| 590 | _aKA | ||
| 650 | 2 | 4 | _aTOWN AND COUNTRY PLANNING (GENERAL PERMITTED DEVELOPMENT) (AMENDMENT) (NO. 2) (ENGLAND) ORDER 2010 |
| 651 | 4 |
_aEngland _y886- |
|
| 690 |
_aPlanning and development _96259 |
||
| 856 | 4 | 0 |
_uhttps://www.legislation.gov.uk/uksi/2010/2134/contents/made _zView the item free of charge online at www.legislation.gov.uk... |
| 942 | _n0 | ||
| 999 |
_c111013 _d111013 |
||